[Event "Tourn. n9234"]
[Site "www.chess-mail.com"]
[Date "2017.03.31"]
[Round "1"]
[White "Sachpat"]
[Black "Pdebonis"]
[WhiteElo "2640"]
[BlackElo "2450"]
[Result "1-0"]
[Round "1"]
1.e4 c5
2.Ng1f3 d6
3.d4 cxd4
4.Nf3xd4 Ng8f6
5.Nb1c3 g6
6.Bc1e3 Bf8g7
7.f3 O-O
8.Qd1d2 Nb8c6
9.O-O-O d5
10.exd5 Nf6xd5
11.Nd4xc6 bxc6
12.Be3d4 Bg7xd4
13.Qd2xd4 Qd8b6
14.Nc3a4 Qb6c7
15.Bf1c4 Rf8d8
16.Na4c5 Bc8f5
17.Bc4b3 Nd5b6
18.Qd4e3 Nb6d5
19.Qe3g5 a5
20.h4 Qc7a7
21.Nc5a4 Kg7
22.g4 f6
23.Qg5d2 Bf5e6
24.Rd1e1 Be6f7
25.g5 Rd8d7
26.Kb1 Ra8d8
27.a3 Rd8b8
28.f4 Kh8
29.Qd2h2 Rd7b7
30.Qh2g3 Rb8d8
31.Rh1f1 Rd8b8
32.Rf1f3 f5
33.Kc1 Kg8
34.Qg3f2 Qa7xf2
35.Rf3xf2 Rb7xb3
36.cxb3 Rb8xb3
37.Na4c3 Kf8
38.Rf2f3 Ke8
39.Kc2 Rb3b7
40.Re1e5 Kf8
41.Nc3xd5 Bf7xd5
42.Rf3h3 Rb7b5
43.h5 e6
44.hxg6 hxg6
45.Re5e2 Rb5c5
46.Rh3c3 Rc5b5
47.Kc1 Bd5e4
48.Re2d2 e5
49.fxe5 Be4d5
50.Rd2h2 Kf7
51.Rh2h6 a4
52.e6 Kxe6
53.Rh6xg6 Ke5
54.Rg6f6 Rb5b8
55.Rc3c2 Rb8c8
56.Rc2f2 Bd5e4
57.Rf2e2 Rc8c7
58.Rf6h6 Kf4
59.g6 Rc7g7
60.Re2e1 Be4f3
61.Re1f1 Kg3
62.Rf1g1 Bf3g2
63.Rh6h5 Kf2
64.Rg1xg2 Kxg2
65.Rh5xf5 Rg7xg6
66.Rf5f4 { resign }
1-0

[Event "Tourn. n9257"]
[Site "www.chess-mail.com"]
[Date "2017.03.31"]
[Round "1"]
[White "Mancini"]
[Black "Momahony"]
[WhiteElo "2220"]
[BlackElo "2299"]
[Result "1-0"]
[Round "1"]
1.d4 d5
2.c4 c6
3.Ng1f3 Ng8f6
4.Nb1c3 a6
5.e3 e6
6.c5 Bf8e7
7.Bf1d3 O-O
8.O-O Nb8d7
9.Qd1c2 Qd8c7
10.e4 dxe4
11.Nc3xe4 Rf8d8
12.Ne4g5 h6
13.Bd3h7 Kf8
14.Ng5xf7 Nf6g8
15.Qc2g6 Nd7f6
16.Nf7e5 Be7xc5
17.dxc5 Qc7e7
18.Qg6c2 Ke8
19.Bh7xg8 Nf6xg8
20.Qc2g6 Kf8
21.Qg6h7 Qe7f6
22.Ne5g6 Kf7
23.Nf3e5 { resign }
1-0

[Event "Tourn. n9269"]
[Site "www.chess-mail.com"]
[Date "2017.03.31"]
[Round "1"]
[White "Paaliaq"]
[Black "Pdebonis"]
[WhiteElo "2670"]
[BlackElo "2540"]
[Result "0-1"]
[Round "1"]
1.e4 c5
2.Ng1f3 d6
3.d4 cxd4
4.Nf3xd4 Ng8f6
5.Nb1c3 g6
6.Bc1e3 Bf8g7
7.f3 O-O
8.Qd1d2 Nb8c6
9.g4 Bc8e6
10.Nd4xe6 fxe6
11.O-O-O Nc6e5
12.Bf1e2 Qd8c8
13.h4 Nf6d7
14.h5 Ne5c4
15.Be2xc4 Qc8xc4
16.hxg6 hxg6
17.f4 Bg7xc3
18.bxc3 Ra8c8
19.e5 Qc4xc3
20.Qd2xc3 Rc8xc3
21.exd6 exd6
22.Rd1xd6 Rc3xe3
23.Rd6xd7 Rf8xf4
24.Rh1h7 Re3f3
25.Rd7g7 Kf8
26.Rg7xb7 Rf4f7
 { time }
0-1

[Event "Tourn. n9303"]
[Site "www.chess-mail.com"]
[Date "2017.03.31"]
[Round "1"]
[White "Sorento"]
[Black "Scasan55"]
[WhiteElo "1849"]
[BlackElo "1870"]
[Result "1-0"]
[Round "1"]
1.e4 c5
2.Nb1c3 d6
3.f4 Nb8c6
4.Ng1f3 e6
5.Bf1b5 Bc8d7
6.a4 a6
7.Bb5c4 Qd8c7
8.d3 Ng8f6
9.O-O Bf8e7
10.h3 O-O
11.Bc1e3 h6
12.g4 Nf6h7
13.Qd1d2 Kh8
14.h4 f5
15.g5 h5
16.Nc3e2 e5
17.Ne2c3 fxe4
18.Nc3d5 Qc7d8
19.dxe4 exf4
20.Nd5xf4 Nc6e5
21.Nf3xe5 dxe5
22.Nf4g6 { resign }
1-0

[Event "Tourn. n9219"]
[Site "www.chess-mail.com"]
[Date "2017.03.31"]
[Round "1"]
[White "Rons"]
[Black "Tartan"]
[WhiteElo "2550"]
[BlackElo "2400"]
[Result "1-0"]
[Round "1"]
1.e4 e6
2.d4 d5
3.Nb1c3 Ng8f6
4.Bc1g5 Bf8b4
5.e5 h6
6.Bg5d2 Bb4xc3
7.bxc3 Nf6e4
8.Qd1g4 g6
9.Bf1d3 Ne4xd2
10.Kxd2 c5
11.h4 Nb8c6
12.Qg4f4 Qd8a5
13.h5 cxd4
14.hxg6 Qa5xc3
15.Ke2 fxg6
16.Ng1f3 Nc6e7
17.Ra1b1 h5
18.Rb1b3 Qc3c5
19.Qf4f6 Rh8g8
20.Rh1d1 Kd8
21.Kf1 a6
22.Rd1d2 Ra8a7
23.Bd3e2 Ke8
24.Nf3xd4 b5
25.Nd4xe6 Bc8xe6
26.Qf6xe6 { resign }
1-0

[Event "Tourn. n9185"]
[Site "www.chess-mail.com"]
[Date "2017.03.31"]
[Round "1"]
[White "Paaliaq"]
[Black "Conde7"]
[WhiteElo "2660"]
[BlackElo "2890"]
[Result "0-1"]
[Round "1"]
1.d4 d5
2.c4 dxc4
3.e3 Ng8f6
4.Bf1xc4 c5
5.Ng1f3 e6
6.Qd1e2 a6
7.dxc5 Bf8xc5
8.O-O O-O
9.e4 b5
10.Bc4d3 Nb8c6
11.Nb1d2 e5
12.Nd2b3 Bc5b6
13.Bc1e3 Bc8e6
14.Rf1d1 Bb6xe3
15.Qe2xe3 Be6xb3
16.axb3 Qd8e7
17.Ra1c1 Nc6b4
18.Bd3b1 Rf8c8
19.Rc1c3 Rc8d8
20.Rd1c1 Qe7d6
21.Rc3c7 Nf6e8
22.Rc7c5 g6
23.h4 Ne8g7
24.h5 Ng7xh5
25.Nf3xe5 Nh5g7
26.Ne5f3 Ng7e6
27.Rc5c3 Qd6f4
28.Qe3e1 Qf4g4
29.Qe1e3 Rd8d6
30.g3 Ra8d8
31.Rc3c8 Rd8xc8
32.Rc1xc8 Kg7
33.Rc8c1 Nb4c6
34.Kg2 Nc6d4
35.Nf3xd4 Rd6xd4
36.Rc1f1 h5
37.f3 Qg4g5
38.Qe3xg5 Ne6xg5
 { time }
0-1

[Event "Tourn. n9281"]
[Site "www.chess-mail.com"]
[Date "2017.03.31"]
[Round "1"]
[White "Llcervello"]
[Black "Cal"]
[WhiteElo "1580"]
[BlackElo "1560"]
[Result "1-0"]
[Round "1"]
1.e4 e5
2.d3 h6
3.g4 Nb8c6
4.c3 a6
5.b4 b5
6.Ng1h3 d6
7.Nb1a3 Ng8f6
8.f3 g5
9.Bc1e3 Bc8b7
10.Qd1c2 Bf8e7
11.c4 Nc6xb4
12.Qc2b3 O-O
13.Qb3xb4 c5
14.Qb4b2 b4
15.Na3c2 a5
16.a3 Bb7c6
17.a4 Kg7
18.Nh3xg5 Bc6b7
19.h4 hxg5
20.Be3xg5 Nf6h7
21.Bg5xe7 Qd8xe7
22.g5 Kg6
23.Bf1h3 Bb7c6
24.Bh3f5 Kg7
25.Rh1g1 Rf8h8
26.Nc2e3 Ra8g8
27.Qb2g2 Nh7f8
28.Qg2g3 Nf8h7
29.g6 fxg6
30.Bf5xg6 Kf8
31.Ne3f5 Qe7f6
32.h5 Nh7g5
33.f4 exf4
34.Qg3xf4 Ng5e6
35.Qf4xd6 Qf6e7
36.Qd6xe7 { resign }
1-0

[Event "Tourn. n9260"]
[Site "www.chess-mail.com"]
[Date "2017.03.31"]
[Round "1"]
[White "Redabond"]
[Black "Powerchess"]
[WhiteElo "1690"]
[BlackElo "1630"]
[Result "1-0"]
[Round "1"]
1.d4 d5
2.Bc1f4 c6
3.Nb1c3 Ng8f6
4.e3 g6
5.Bf1d3 Bf8g7
6.Ng1f3 Bc8g4
7.O-O O-O
8.h3 Bg4xf3
9.Qd1xf3 Nb8d7
10.e4 Nf6xe4
11.Bd3xe4 dxe4
12.Qf3xe4 Nd7f6
13.Qe4d3  { time }
1-0

[Event "Tourn. n9180"]
[Site "www.chess-mail.com"]
[Date "2017.03.31"]
[Round "1"]
[White "Falcoale"]
[Black "Genius7"]
[WhiteElo "1880"]
[BlackElo "1890"]
[Result "1-0"]
[Round "1"]
1.e4 c5
2.Ng1f3 d6
3.Bf1c4 e6
4.a3 Ng8f6
5.d3 Bf8e7
6.e5 dxe5
7.Nf3xe5 O-O
8.O-O Be7d6
9.Ne5f3 Nb8c6
10.Bc1g5 Bd6e7
11.h3 a6
12.Bg5e3 b5
13.Bc4a2 Bc8b7
14.Nb1d2 Qd8d7
15.Rf1e1 Rf8d8
16.Qd1c1 a5
17.Nd2f1 Nc6d4
18.Nf3xd4 cxd4
19.Be3f4 Nf6d5
20.Bf4h2 Be7f6
21.Nf1d2 Bf6g5
22.Ba2xd5 Qd7xd5
23.f3 Ra8c8
24.Re1e5 Bg5e3
25.Kh1 Qd5d7
26.Qc1e1 Rc8xc2
27.Re5xe3  { time }
1-0

[Event "Tourn. n9269"]
[Site "www.chess-mail.com"]
[Date "2017.03.31"]
[Round "1"]
[White "Paaliaq"]
[Black "Stepanpech"]
[WhiteElo "2670"]
[BlackElo "2250"]
[Result "0-1"]
[Round "1"]
1.e4 e5
2.Ng1f3 Nb8c6
3.Bf1b5 a6
4.Bb5a4 Ng8f6
5.Qd1e2 b5
6.Ba4b3 Bf8c5
7.a4 Ra8b8
8.O-O O-O
9.c3 b4
10.Bb3c4 h6
 { time }
0-1

[Event "Tourn. n9280"]
[Site "www.chess-mail.com"]
[Date "2017.03.31"]
[Round "1"]
[White "Taxrama"]
[Black "Gambitplayer"]
[WhiteElo "1780"]
[BlackElo "1800"]
[Result "1-0"]
[Round "1"]
1.e4 e5
2.Ng1f3 d6
3.Bf1c4 Bf8e7
4.Nb1c3 Ng8f6
5.Nf3g5 O-O
6.d3 Nb8c6
7.Qd1f3 Nc6d4
8.Qf3d1 h6
9.Bc4xf7 Rf8xf7
10.Ng5xf7  { time }
1-0

[Event "Match"]
[Site "www.echecsemail.com"]
[Date "2017.03.31"]
[Round "1"]
[White "Chessington"]
[Black "Gimmyg"]
[WhiteElo "1859"]
[BlackElo "2500"]
[Result "1-0"]
[Round "1"]
1.Ng1f3 c5
2.g3 d5
3.Bf1g2 e5
4.Nf3xe5 Bf8d6
5.d4 Ng8f6
6.Nb1c3 Bc8e6
7.Bc1g5 cxd4
8.Qd1xd4 Nb8c6
9.Ne5xc6 bxc6
10.e4 Bd6e7
11.exd5 cxd5
12.Qd4a4 Be6d7
13.Qa4a6 O-O
14.O-O-O Bd7c8
15.Qa6d3 Bc8e6
16.Bg5xf6 Be7xf6
17.Bg2xd5 Bf6xc3
18.Bd5xa8 Bc3xb2
19.Kxb2 Qd8xa8
20.Ka1 Qa8g2
21.Qd3d4 Qg2c6
22.c4 h6
23.Rd1c1 Qc6a6
24.Rc1c2 Qa6a4
25.Rh1c1 Rf8c8
26.Qd4e5 Qa4a6
27.Qe5b5 Qa6d6
28.c5 Qd6d5
29.Qb5b2 Qd5c6
30.Rc2d2 Be6d7
31.f4 Bd7e8
32.Qb2e5 Qc6b5
33.f5 { resign }
1-0

[Event "Match"]
[Site "www.echecsemail.com"]
[Date "2017.03.31"]
[Round "1"]
[White "Mitja"]
[Black "Bojan"]
[WhiteElo "1880"]
[BlackElo "2030"]
[Result "1-0"]
[Round "1"]
1.d4 g6
2.e3 Bf8g7
3.c3 c6
4.g3 d5
5.Bf1g2 Bc8f5
6.Ng1f3 Qd8a5
7.O-O Nb8d7
8.Rf1e1 Ng8f6
9.Nb1d2 Nf6e4
10.Nd2xe4 Bf5xe4
11.Nf3d2 Be4xg2
12.Kxg2 h5
13.Nd2f3 f6
14.Qd1c2 Kf7
15.Nf3h4 Rh8h6
16.e4 g5
17.Nh4f5 Rh6h7
18.e5 Kg8
19.Nf5xe7 Kh8
20.Ne7f5 fxe5
21.Nf5xg7 Rh7xg7
22.dxe5 d4
23.Bc1d2 Qa5d5
24.Kg1 d3
25.Qc2b3 Qd5xb3
26.axb3 Nd7c5
27.b4 Nc5b3
28.Ra1d1 Ra8e8
29.Re1e3 Rg7d7
30.Re3e4 g4
31.e6 Rd7e7
32.Re4e3 c5
33.Re3xd3 Nb3xd2
34.Rd3xd2 cxb4
35.cxb4 a6
36.Rd2d7 Re7xe6
37.Rd7xb7 Re6e5
38.Rb7b6 a5
39.bxa5 Re5xa5
40.Rd1d6 Re8e7
41.b4 Ra5a1
42.Kg2 Kg7
43.Rd6d5 Re7e4
44.b5 Kf7
45.Rb6a6 Ra1b1
46.Rd5d7 Ke8
47.Rd7h7 Re4d4
48.Ra6a8 { resign }
1-0

[Event "Match"]
[Site "www.echecsemail.com"]
[Date "2017.03.31"]
[Round "1"]
[White "Insearchof"]
[Black "Guidom"]
[WhiteElo "1499"]
[BlackElo "2000"]
[Result "1-0"]
[Round "1"]
1.d4 d5
2.c4 dxc4
3.Ng1f3 c6
4.e3 b5
5.a4 a6
6.axb5 cxb5
7.b3 cxb3
8.Bf1xb5 axb5
9.Ra1xa8 Bc8b7
10.Ra8a1 Qd8c7
11.O-O e6
12.Nb1d2 Bb7d5
13.Nd2xb3 Ng8f6
14.Bc1d2 Bf8d6
15.Ra1c1 Bd5xf3
16.Qd1xf3 Qc7d7
17.Nb3c5 Bd6xc5
18.Rc1xc5 O-O
19.Rf1b1 Nf6d5
20.Rc5xb5 Qd7c7
21.Rb5b7 Qc7c2
22.Rb7xb8 Qc2xd2
23.Rb8xf8 Kxf8
24.Rb1b8 Ke7
25.Rb8b7 Nd5c7
26.Rb7xc7 Kd8
27.g3 Kxc7
28.Qf3xf7 Kd6
29.Qf7xg7 Qd2d3
30.Qg7e5 Kd7
31.Kg2 Ke7
32.h4 Qd3c2
33.e4 Qc2c3
34.h5 Qc3d2
35.d5 Qd2h6
36.Qe5xe6 Qh6xe6
37.dxe6 Kxe6
38.f4 { resign }
1-0

[Event "1/64 Finale"]
[Site "www.chess-mail.com"]
[Date "2017.03.31"]
[Round "1"]
[White "Sbb"]
[Black "Gambitplayer"]
[WhiteElo "2510"]
[BlackElo "1800"]
[Result "1-0"]
[Round "1"]
1.d4 Ng8f6
2.c4 e6
3.g3 d5
4.Ng1f3 c5
5.Bf1g2 Nb8c6
6.O-O cxd4
7.Nf3xd4 Nc6xd4
8.Qd1xd4 Bf8e7
9.Nb1c3  { time }
1-0

[Event "1/128 Finale"]
[Site "www.chess-mail.com"]
[Date "2017.03.31"]
[Round "1"]
[White "Genius7"]
[Black "Corr"]
[WhiteElo "2000"]
[BlackElo "1809"]
[Result "0-1"]
[Round "1"]
1.d4 Ng8f6
2.c4 g6
3.Nb1c3 Bf8g7
4.e4 d6
5.h3 O-O
6.Bf1e2 c5
7.dxc5 dxc5
8.Qd1xd8 Rf8xd8
9.Bc1g5 Nb8c6
 { time }
0-1

[Event "Tourn. n9291"]
[Site "www.chess-mail.com"]
[Date "2017.04.01"]
[Round "1"]
[White "Bojan"]
[Black "Abuelo"]
[WhiteElo "2070"]
[BlackElo "2150"]
[Result "0-1"]
[Round "1"]
1.e4 e5
2.Ng1f3 d6
3.d4 exd4
4.Nf3xd4 c5
5.Nd4f5 Bc8xf5
6.exf5 a6
7.Qd1f3 Nb8c6
8.Bf1e2 Nc6d4
9.Qf3e4 Qd8e7
10.Qe4xe7 Ng8xe7
11.Be2d3 Nd4xf5
12.c4 Nf5d4
13.Nb1a3 Ne7c6
14.O-O Bf8e7
15.Bc1f4 Nc6b4
16.Rf1d1 Nb4xd3
17.Rd1xd3 Nd4e2
18.Kf1 Ne2xf4
19.Rd3g3 O-O
20.Na3c2 Be7f6
21.Ra1b1 b5
22.Nc2e3 b4
23.b3 Bf6e5
24.Rg3f3 Ra8e8
25.g3 Nf4e6
26.Ne3d5 Ne6d4
27.Rf3e3 Nd4f5
28.Re3e4 Nf5e7
29.Nd5c7 Re8c8
30.Nc7d5 Ne7xd5
31.cxd5 Rf8e8
32.Rb1e1 Kf8
33.f4 Be5c3
34.Re4xe8 Rc8xe8
{ resign }
0-1

[Event "Tourn. n9217"]
[Site "www.chess-mail.com"]
[Date "2017.04.01"]
[Round "1"]
[White "Hansen"]
[Black "Vasylpuzanov"]
[WhiteElo "1620"]
[BlackElo "1510"]
[Result "0-1"]
[Round "1"]
1.e4 e5
2.Qd1h5 Nb8c6
3.Bf1b5 g6
4.Qh5f3 Ng8f6
5.d3 Bf8g7
6.Nb1c3 O-O
7.Nc3d5 Nc6d4
8.Qf3g3 Nd4xb5
9.f4 Nf6xd5
10.exd5 exf4
11.Qg3xf4 Nb5d4
12.Kd2 d6
13.c3 Nd4f5
14.Ng1f3 Bc8d7
15.h4 Bg7h6
16.Qf4xh6 Nf5xh6
17.Kc2 Rf8e8
18.Bc1xh6 Re8e2
19.Kd1 Qd8e7
20.Nf3d4 Re2xb2
21.Rh1e1 Qe7xh4
22.Bh6e3 Bd7g4
23.Nd4e2 Bg4xe2
24.Re1xe2 Rb2xe2
25.Kxe2 Ra8e8
26.Ra1g1 Qh4f4
27.Rg1f1 Qf4xe3
28.Kd1 Qe3e2
29.Kc1 Qe2xf1
30.Kb2 Qf1xd3
{ resign }
0-1

[Event "Tourn. n9279"]
[Site "www.chess-mail.com"]
[Date "2017.04.01"]
[Round "1"]
[White "Gambitplayer"]
[Black "Guidom"]
[WhiteElo "1800"]
[BlackElo "2040"]
[Result "0-1"]
[Round "1"]
1.d4 d5
2.Bc1f4 c6
3.c3 Ng8f6
4.e3 e6
5.Ng1f3 Bf8d6
6.Bf4xd6 Qd8xd6
7.Bf1d3 Nb8d7
8.O-O O-O
9.Nb1d2 c5
10.dxc5 Nd7xc5
11.Nd2b3 Nc5xd3
12.Qd1xd3 Bc8d7
13.c4 Bd7c6
14.Rf1d1 Ra8d8
15.cxd5 exd5
16.Nb3d4 Nf6e4
17.Nd4xc6 bxc6
18.Ra1c1 h6
 { time }
0-1

[Event "Tourn. n9120"]
[Site "www.chess-mail.com"]
[Date "2017.04.01"]
[Round "1"]
[White "Manuelito"]
[Black "Genius3"]
[WhiteElo "1700"]
[BlackElo "1860"]
[Result "0-1"]
[Round "1"]
1.d4 c5
2.dxc5 e6
3.e4 Bf8xc5
4.Bf1d3 d6
5.Nb1c3 Ng8f6
6.h3 Nb8c6
7.Ng1f3 O-O
8.O-O a6
9.Rf1e1 b5
10.a3 Bc8b7
11.Bc1e3 Bc5xe3
12.Re1xe3 Qd8e7
13.Qd1d2 Rf8d8
14.Re3e1 Ra8c8
15.b4 Nf6d7
16.Nc3e2 Nd7e5
17.Nf3xe5 Nc6xe5
18.Ra1c1 Rc8c7
19.c4 bxc4
20.Bd3b1 Ne5g6
21.f3 d5
22.exd5 Rd8xd5
23.Qd2c3 Qe7d7
24.Bb1e4 Rd5d6
25.Be4xb7 Rc7xb7
26.Qc3xc4 h6
27.Qc4c8 Qd7xc8
28.Rc1xc8 Kh7
29.Rc8a8 Rb7b5
30.Kf2 Rb5b6
31.Ra8a7 Rd6d3
32.Re1a1 Ng6e5
33.Ne2f4 Rd3d2
34.Nf4e2 g5
35.Ke1 Rb6d6
36.f4 gxf4
37.Ne2xf4 Kg8
38.Kf1 Rd2d4
39.Nf4h5 Kh7
40.g4 Kg6
41.Kg2 Rd4d2
 { time }
0-1

[Event "Tourn. n9279"]
[Site "www.chess-mail.com"]
[Date "2017.04.01"]
[Round "1"]
[White "Winston"]
[Black "Gambitplayer"]
[WhiteElo "1810"]
[BlackElo "1800"]
[Result "1-0"]
[Round "1"]
1.e4 c5
2.Ng1f3 Nb8c6
3.d4 cxd4
4.Nf3xd4 e5
5.Nd4f3 Ng8f6
6.Nb1c3 Bf8b4
7.Bc1d2 O-O
8.Bf1e2 Bb4xc3
9.Bd2xc3 Nf6xe4
10.Bc3xe5  { time }
1-0

[Event "Tourn. n9169"]
[Site "www.chess-mail.com"]
[Date "2017.04.01"]
[Round "1"]
[White "Esperanza"]
[Black "Louis"]
[WhiteElo "2080"]
[BlackElo "2000"]
[Result "0-1"]
[Round "1"]
1.e4 Nb8a6
2.Bf1xa6 bxa6
3.Ng1f3 Bc8b7
4.Nb1c3 e6
5.O-O Ng8f6
6.d3 Bf8e7
7.Bc1g5 Nf6xe4
8.Bg5xe7 Ne4xc3
9.Be7xd8 Nc3xd1
10.Bd8xc7 Ra8c8
11.Bc7d6 Bb7xf3
12.gxf3 Nd1xb2
13.Rf1c1 Rc8c6
14.Bd6a3 Nb2a4
15.Ra1b1 Rc6b6
16.c4 d6
17.Rb1xb6 axb6
18.Ba3xd6 Kd7
19.Bd6f4 Rh8e8
20.Rc1b1 Kc6
 { time }
0-1

[Event "Tourn. n9313"]
[Site "www.chess-mail.com"]
[Date "2017.04.01"]
[Round "1"]
[White "Insearchof"]
[Black "Azulmarino"]
[WhiteElo "1499"]
[BlackElo "1530"]
[Result "1-0"]
[Round "1"]
1.e4 d5
2.exd5 Qd8xd5
3.Nb1c3 Qd5c5
4.d4 Qc5b4
5.a3 Qb4d6
6.Bf1c4 Bc8f5
7.Qd1f3 Qd6xd4
8.Qf3xf5 Qd4xc4
9.Qf5c8 
1-0

[Event "Tourn. n9264"]
[Site "www.chess-mail.com"]
[Date "2017.04.01"]
[Round "1"]
[White "Bojan"]
[Black "Falcoale"]
[WhiteElo "2000"]
[BlackElo "2010"]
[Result "1-0"]
[Round "1"]
1.e4 c5
2.Ng1f3 e6
3.d4 cxd4
4.e5 Nb8c6
5.Bc1d2 Bf8e7
6.Bf1d3 d6
7.exd6 Be7xd6
8.a3 Ng8f6
9.Bd2g5 h6
10.Bg5h4 O-O
11.Nb1d2 Bd6e7
12.Bh4g3 Nf6d7
13.Nd2b3 e5
14.O-O f5
15.h3 Kh8
16.Bd3c4 e4
17.Nf3xd4 Nd7e5
18.Nd4xc6 Ne5xc4
19.Nc6xd8 Rf8xd8
20.Qd1c1 Bc8e6
21.Bg3f4 b6
22.c3 g5
23.Bf4h2 Nc4d6
24.Nb3d4 Be6c4
25.Bh2e5 Kh7
26.Nd4c6 Be7f8
27.Nc6xd8 Bc4xf1
28.Qc1xf1 Ra8xd8
29.Ra1d1 { resign }
1-0

[Event "Tourn. n9214"]
[Site "www.chess-mail.com"]
[Date "2017.04.01"]
[Round "1"]
[White "Hundegana"]
[Black "Ff333"]
[WhiteElo "2060"]
[BlackElo "2100"]
[Result "0-1"]
[Round "1"]
1.f4 Nb8c6
2.g3 e5
3.d3 Bf8c5
4.Ng1f3 d6
5.c3 Ng8f6
6.h3 Bc8e6
7.Bf1g2 Qd8d7
8.Nf3g5 h6
9.Ng5xe6 fxe6
10.b4 Nc6xb4
11.cxb4 Bc5xb4
12.Bc1d2 Bb4c5
13.Bg2xb7 Ra8b8
14.Bb7g2 exf4
15.Bd2xf4 Bc5d4
16.Nb1d2 Bd4xa1
17.Qd1xa1 e5
18.Bf4e3 O-O
19.O-O a5
20.Nd2e4 Qd7e6
21.Ne4xf6 Rf8xf6
22.Rf1xf6 Qe6xf6
23.Qa1c1 c5
24.Qc1c4 Kh8
25.Qc4c1 Qf6e6
26.Kh2 Qe6xa2
27.Bg2f3 a4
28.Qc1c4 Qa2xc4
29.dxc4 a3
30.Be3d2 Rb8b3
31.Bd2a5 a2
32.Ba5c7 a1Q
33.Bc7xd6 Rb3xf3
34.exf3 Qa1b2
35.Kg1 Qb2c1
36.Kf2 Qc1d2
37.Kf1 Qd2xd6
38.Ke2 e4
39.fxe4 Qd6xg3
40.h4 Qg3xh4
41.Kf3 Qh4g5
42.Ke2 Qg5g3
43.Kd2 h5
44.e5 h4
45.e6 h3
46.e7 Qg3e5
47.e8Q Qe5xe8
48.Kd3 h2
49.Kc3 Qe8e3
50.Kc2 h1R
51.Kb2 Rh1h2
52.Kb1 Qe3e1
{ resign }
0-1

[Event "Tourn. n9273"]
[Site "www.chess-mail.com"]
[Date "2017.04.01"]
[Round "1"]
[White "Azulmarino"]
[Black "Cal"]
[WhiteElo "1480"]
[BlackElo "1590"]
[Result "0-1"]
[Round "1"]
1.e4 e5
2.Ng1f3 d6
3.d4 exd4
4.Qd1xd4 h6
5.Bf1c4 Ng8f6
6.Nb1c3 c5
7.Qd4d1 a6
8.Nc3d5 Bc8e6
9.Qd1d3 Nb8c6
10.Bc1f4 b5
11.Bc4xb5 Be6xd5
12.Bb5xc6 Bd5xc6
13.Qd3c4 Bc6xe4
14.Nf3h4 Bf8e7
15.O-O O-O
16.c3 d5
17.Qc4e2 Nf6h7
18.Nh4f3 Be7d6
19.Bf4e5 Be4xf3
20.gxf3 Bd6xe5
21.Qe2xe5 Nh7f6
22.Kh1 Ra8b8
23.Qe5g3 Rb8xb2
24.Rf1g1 g6
25.Qg3e5 Rb2xf2
26.Ra1d1 Rf8e8
27.Qe5g3 Rf2xa2
28.Qg3h3 h5
29.Qh3g3 Re8e2
30.Qg3g5 Re2xh2
{ resign }
0-1

[Event "Tourn. n9197"]
[Site "www.chess-mail.com"]
[Date "2017.04.01"]
[Round "1"]
[White "Conde7"]
[Black "Goofy"]
[WhiteElo "2900"]
[BlackElo "2340"]
[Result "1-0"]
[Round "1"]
1.e4 e5
2.Ng1f3 Nb8c6
3.Bf1b5 a6
4.Bb5a4 Ng8f6
5.d3 d6
6.c3 g6
7.O-O Bf8g7
8.Rf1e1 O-O
9.Bc1e3 b5
10.Ba4c2 Bc8b7
11.a4 b4
12.a5 Ra8b8
13.h3 Qd8e7
14.Nb1d2 Rf8d8
15.Be3g5 h6
16.Bg5h4 g5
17.Bh4g3 Nf6h5
18.Nd2f1 bxc3
19.bxc3 Nh5xg3
20.Nf1xg3 Bb7c8
21.Nf3h2 Bc8e6
22.Nh2g4 Rb8b2
23.Bc2a4 Nc6a7
24.Ng4e3 Rd8b8
25.Ng3f5 Qe7f8
26.Qd1h5 Kh7
27.d4 Rb2b7
28.d5 Be6xf5
29.Ne3xf5 Na7b5
30.Re1e3 f6
31.h4 Nb5a7
32.Ba4d7 Na7c8
33.hxg5 fxg5
34.Re3f3 Bg7f6
35.Nf5e3 { resign }
1-0

[Event "Match"]
[Site "www.echecsemail.com"]
[Date "2017.04.01"]
[Round "1"]
[White "Sonny1000"]
[Black "Norwich"]
[WhiteElo "1260"]
[BlackElo "1740"]
[Result "1-0"]
[Round "1"]
1.d4 d5
2.Nb1c3 c6
3.Nc3xd5 cxd5
4.Bc1d2 Ng8f6
5.Ng1f3 Nb8c6
6.c3 Bc8g4
7.h3 Bg4xf3
8.gxf3 e5
9.c4 exd4
10.Rh1g1 dxc4
11.Bd2f4 Bf8b4
12.Bf4d2 Bb4xd2
13.Qd1xd2 O-O
14.b4 c3
15.Qd2c2 Rf8e8
16.Qc2f5 Qd8d5
17.Qf5xd5  { time }
1-0

[Event "Match"]
[Site "www.echecsemail.com"]
[Date "2017.04.01"]
[Round "1"]
[White "Cal"]
[Black "Ll69"]
[WhiteElo "1550"]
[BlackElo "1499"]
[Result "1/2-1/2"]
[Round "1"]
1.d4 e6
2.a3 c5
3.e3 Ng8f6
4.h3 Nb8c6
5.dxc5 Bf8xc5
6.Nb1c3 O-O
7.Ng1f3 b6
8.Bf1d3 Bc8b7
9.O-O Ra8c8
10.Bc1d2 d5
11.Nc3e2 e5
12.Bd3f5 Rc8c7
13.c3 e4
14.Nf3g5 h6
15.Ng5xf7 Kxf7
16.b4 Bc5e7
17.Qd1b3 g6
18.Bf5g4 Nf6xg4
19.hxg4 Kg7
20.Ne2f4 Qd8d6
21.g3 Nc6e5
22.Ra1d1 Be7g5
23.Nf4h3 Ne5f3
24.Kg2 Bb7a6
25.Nh3f4 Bg5xf4
26.exf4 Ba6xf1
27.Kxf1 Nf3h2
28.Kg2 Nh2xg4
29.Bd2c1 Ng4f6
30.a4 Rc7c4
31.Qb3xc4 dxc4
32.Rd1xd6 Kf7
33.Bc1e3 Ke7
34.Rd6c6 Nf6d5
35.Be3d4 g5
36.Rc6xh6 gxf4
37.a5 fxg3
38.fxg3 e3
{ draw }
1/2-1/2

[Event "Match"]
[Site "www.echecsemail.com"]
[Date "2017.04.01"]
[Round "1"]
[White "Norwich"]
[Black "Darknight"]
[WhiteElo "1740"]
[BlackElo "1730"]
[Result "0-1"]
[Round "1"]
1.d4 d5
2.c4 e6
3.Nb1c3 h6
4.cxd5 exd5
5.Ng1f3 Nb8c6
6.g3 Bc8g4
7.Bf1g2 Ng8f6
8.O-O Qd8d7
9.Nf3e5 Nc6xe5
10.dxe5 Nf6h7
11.Qd1xd5 c6
12.Qd5xd7 Bg4xd7
13.Bc1e3 Bf8e7
14.Rf1d1 a6
15.f4 Nh7f8
16.Nc3e4 O-O-O
 { time }
0-1

[Event "Match"]
[Site "www.echecsemail.com"]
[Date "2017.04.01"]
[Round "1"]
[White "Fangshuo"]
[Black "Insearchof"]
[WhiteElo "2060"]
[BlackElo "1499"]
[Result "0-1"]
[Round "1"]
1.e4 c5
2.Ng1f3 d6
3.Nb1c3 Ng8f6
4.Bf1c4 e6
5.d4 cxd4
6.Nf3xd4 a6
7.Bc4d3 b5
8.O-O Bc8b7
9.Bc1g5 Bf8e7
10.Kh1 b4
11.Nc3e2 Nf6xe4
12.Bg5xe7 Qd8xe7
13.f3 Ne4c5
14.Ne2g3 O-O
15.f4 Nb8d7
16.Bd3c4 Nd7f6
17.Rf1e1 Nf6e4
18.Ng3xe4 Nc5xe4
19.Qd1e2 Qe7f6
20.Qe2e3 Ra8c8
21.Bc4d3 Ne4c5
22.Bd3e2 Rf8e8
23.b3 e5
24.Be2g4 Rc8d8
25.Nd4f3 Qf6xf4
26.Qe3xf4 exf4
27.Nf3d4 g6
28.Bg4f3 Nc5e4
29.Nd4e2 g5
30.h4 g4
31.Bf3xg4 Ne4f2
32.Kg1 Nf2xg4
{ resign }
0-1

[Event "Match"]
[Site "www.echecsemail.com"]
[Date "2017.04.01"]
[Round "1"]
[White "Sonny1000"]
[Black "Billyg"]
[WhiteElo "1300"]
[BlackElo "1700"]
[Result "0-1"]
[Round "1"]
1.d4 e6
2.e4 d5
3.e5 f6
4.Ng1f3 Nb8d7
5.Qd1e2 fxe5
6.dxe5 h6
7.Qe2b5 a6
8.Qb5a4 c6
9.Qa4f4 g5
10.Nf3xg5 hxg5
11.Qf4g4 Bf8h6
12.Qg4h5 Kf8
13.Bc1xg5 Qd8e8
14.Qh5xe8 Kxe8
15.Bg5h4 Nd7xe5
16.Nb1d2 Bh6xd2
17.Kxd2 Rh8xh4
18.Bf1e2 Bc8d7
19.g3 Rh4d4
20.Ke3 c5
21.Be2h5 Ne5f7
22.f4 Ng8h6
23.Bh5xf7 Kxf7
24.Rh1f1 Nh6g4
25.Ke2 Bd7b5
26.Ke1 Bb5xf1
27.Ra1d1 Rd4xd1
28.Kxd1 Ng4xh2
29.Ke1 Bf1b5
30.Kf2 Ra8e8
31.Kg2 Nh2g4
32.Kh3 Ng4e3
33.c3 Bb5d7
34.g4 e5
35.f5 Re8g8
36.Kh4 Rg8xg4
37.Kh5 Bd7xf5
38.b3 Kg7
39.a4 Bf5g6
{ resign }
0-1

[Event "Match"]
[Site "www.echecsemail.com"]
[Date "2017.04.01"]
[Round "1"]
[White "Chemin"]
[Black "Pariolinius"]
[WhiteElo "1809"]
[BlackElo "2020"]
[Result "1-0"]
[Round "1"]
1.d4 d5
2.c4 e5
3.dxe5 d4
4.Ng1f3 Nb8c6
5.g3 Bc8e6
6.b3 Bf8b4
7.Bc1d2 Bb4c5
8.Bf1g2 f6
9.exf6 Ng8xf6
10.O-O Qd8e7
11.b4 Nc6xb4
12.Bd2xb4 O-O-O
13.Bb4xc5 Qe7xc5
14.Nb1d2 Rh8e8
15.Nd2b3 Qc5xc4
16.Ra1c1 Qc4b4
17.Nb3xd4 Qb4b6
18.Qd1c2 Nf6d5
19.Rc1b1 Qb6d6
20.Nd4b5 Qd6b6
21.a4 g6
22.e4 Nd5e7
23.a5 Qb6c6
24.Nb5xa7 { resign }
1-0

[Event "Match"]
[Site "www.echecsemail.com"]
[Date "2017.04.01"]
[Round "1"]
[White "Chemin"]
[Black "Pellix84"]
[WhiteElo "2209"]
[BlackElo "2090"]
[Result "1-0"]
[Round "1"]
1.d4 Ng8f6
2.c4 c5
3.d5 b5
4.cxb5 a6
5.b6 g6
6.Ng1f3 Qd8xb6
7.Nb1c3 d6
8.Nf3d2 Bf8g7
9.e4 Nb8d7
10.Bf1e2 O-O
11.O-O Nf6e8
12.Nd2c4 Qb6c7
13.Bc1f4 Nd7b6
14.Nc4e3 e5
15.dxe6 fxe6
16.Bf4g3 Bc8b7
17.Qd1b3 Kh8
18.Qb3xe6 Ra8d8
19.a4 Bg7xc3
20.bxc3 Ne8g7
21.Qe6b3 Qc7c6
22.Rf1b1 { resign }
1-0

[Event "Match"]
[Site "www.echecsemail.com"]
[Date "2017.04.01"]
[Round "1"]
[White "Calponas"]
[Black "Mrynmryn"]
[WhiteElo "2010"]
[BlackElo "2090"]
[Result "1-0"]
[Round "1"]
1.e4 e5
2.Ng1f3 Ng8f6
3.d4 exd4
4.e5 Nf6d5
5.Qd1xd4 c6
6.c4 Nd5c7
7.Bc1g5 Bf8e7
8.h4 Nc7e6
9.Qd4e3 Ne6xg5
10.hxg5 d5
11.cxd5 Qd8xd5
12.Nb1c3 Qd5e6
13.Bf1d3 Be7b4
14.O-O Bb4xc3
15.bxc3 O-O
16.Nf3d4 Qe6e7
17.Qe3e4 g6
18.Qe4f4 Rf8d8
19.Ra1d1 c5
20.Nd4b5 a6
21.Nb5d6 Bc8e6
22.Nd6e4 Nb8d7
23.g3 Be6f5
24.Ne4f6 Nd7xf6
25.gxf6 Qe7e6
26.Qf4h6 { resign }
1-0